Giao thông vận tải Số 6

Nội dung: Báo chí cách mạng thaeo quan điểm của Chủ tịch Hồ Chí Minh. Báo chí nghành phải đổi mới và có dấu ấn riêng. Quy hoạch để báo chí mạnh hơn. Làm gì tránh "báo chí Salon" trong định hướng dư luận? Báo chí là kênh thông tin, "...

ver descrição completa

Na minha lista:
Detalhes bibliográficos
Formato: Livro
Idioma:Vietnamese
Publicado em: H. Bộ giao thông vận tải 2020
Assuntos:
Tags: Adicionar Tag
Sem tags, seja o primeiro a adicionar uma tag!
Thư viện lưu trữ: Thư viện Trường Đại học Nam Cần Thơ
LEADER 01225nam a22002297a 4500
001 NCT_107852
008 220304b xxu||||| |||| 00| 0 vie d
999 |c 5467  |d 5467 
022 |a 2354-0818 
041 0 |a vie 
082 0 4 |2 23rd ed.  |a 629  |b Gi108T 
245 0 0 |a Giao thông vận tải   |n Số 6  |c Cơ quan thông tin lý luận khoa học công nghệ của bộ giao thông vận tải 
260 |a H.  |b Bộ giao thông vận tải  |c 2020 
300 |c 28cm 
310 |a tháng 1 kỳ 
362 |a 06/2020 
520 3 |a Nội dung: Báo chí cách mạng thaeo quan điểm của Chủ tịch Hồ Chí Minh. Báo chí nghành phải đổi mới và có dấu ấn riêng. Quy hoạch để báo chí mạnh hơn. Làm gì tránh "báo chí Salon" trong định hướng dư luận? Báo chí là kênh thông tin, "bạn đồng hành" doanh nghiệp. 
653 |a Công nghệ kỹ thuật ô tô 
655 |a Tạp chí 
942 |2 ddc  |c CR 
952 |0 0  |1 0  |2 ddc  |4 0  |6 629_000000000000000_GI108T  |7 0  |9 22894  |a 000001  |b 000001  |d 2022-04-06  |o 629 Gi108T  |r 2022-04-06  |w 2022-04-06  |y CR 
980 |a Thư viện Trường Đại học Nam Cần Thơ